| 000 | 01343cad a22002295a 4500 | ||
|---|---|---|---|
| 001 | E146214 | ||
| 008 | 081216s2008 xxk f s000 0 eng d | ||
| 020 | _a9780755918454 | ||
| 035 | _a(Sirsi) u146214 | ||
| 041 | 0 | _aeng | |
| 050 | 0 | 4 | _a630.09411 $2 18 |
| 110 | 2 |
_aADAS UK _95670 |
|
| 245 | 0 | 3 |
_aAn investigation into the role and effectiveness of Scottish monitor farms _h[electronic resource] |
| 260 |
_aWolverhampton _bADAS UK _c2008 |
||
| 520 | _aReports on the progress of the Monitor Farm Project, which began in Scotland in 2003. The Project is intended to increase the profitability of a farm over a three year period, by bringing the farmer together with other rural professionals who agree and implement improvements with him. There are 11 monitor farms currently in operation in Scotland and five have finished the 3 year programme. Suggests that the Project has succeeded in its aim of achieving business improvements on the Monitor Farms, as well as amongst the groups working with the farmers, and the wider farming community. | ||
| 521 | _aAdvanced | ||
| 590 | _aKA | ||
| 651 | 4 |
_aScotland _y1999- |
|
| 690 | _aENVIRONMENTAL AND LAND CONSULTANCY-AGRIBUSINESS-AGRICULTURE | ||
| 856 | 4 | 0 |
_uhttps://www.scotland.gov.uk/Publications/2008/10/29093936/0 _zView the report free of charge at www.scotland.gov.uk... |
| 942 | _n0 | ||
| 999 |
_c109074 _d109074 |
||